00898 a2200205 4500020001500000040001300015082000800028100003100036245013400067250001200201260003700213300003400250500013500284650002700419650003300446700002200479700003100501856007400532856008600606 a0120502534 aDLCbDLC00a5151 aAliprantis, Charalambos D.10aProblems in real analysis : a workbook with solutionsba workbook with solutions cCharalambos D. Aliprantis and Owen Burkinshaw. a2nd ed. aIndia :bAcademic Press,cc1999. avii, 403 p. :bill. ;c25 cm. a"Contains complete solutions to the 609 problems in the third edition of, Principles of real analysis, Academic Press, 1998"--Fwd. 0aMathematical analysis. 0aFunctions of real variables.1 aBurkinshaw, Owen.1 aAliprantis, Charalambos D.413Table of contentsuhttp://www.loc.gov/catdir/toc/els033/99176757.html413Publisher descriptionuhttp://www.loc.gov/catdir/description/els033/99176757.html